000 00386nmm a2200145Ia 4500
008 251105s9999||||xx |||||||||||||||||und||
041 _aspa
100 _aGarwood, Julie
245 0 _aDanza de sombras
264 _a[Madrid, España] :
_bEdiciones B,
_c2014
300 _a352 páginas
650 _aRomance
856 _uhttps://public.digitaliapublishing.com/a/53515
942 _cCF
999 _c104997
_d104997